00341nam a2200133Ia 4500008004100000041000800041082001400049100001400063245006900077260002900146300000900175500001400184700000900198230725s2009 xx 000 0 und d aeng a615.4/PAD aParadkar  a Hospital & Clinical Pharmacy bHOSPITAL AND CLINICAL PHARMACY  bNIRALI PUBLICATIONc2009 a25.5 aTEXT BOOK aA, A